000
00293nam a22001337a 4500
008
170511b xxu||||| |||| 00| 0 eng d
020
_a
0314152318
041
_a
eng
080
_2
9TH
_a
347
100
_a
15
101
_a
SHJ
245
_a
CIVIL PROCEDURE
_c
FRIEDENTHAL ,J.H
942
_2
udc
_c
BK
999
_c
13142
_d
13142